Univerzitné pastoračné centrum, Bratislava

Gespeichert in:
Bibliographische Detailangaben
1. Verfasser: Sarvaj, Martin (Verfasst von)
Weitere Verfasser: Závodný, Ľubomír (Betreuung Doktorarbeit)
Format: Manuskript Buch
Sprache:Slowakisch
Veröffentlicht: 2025
Schlagworte:
Online-Zugang:http://is.stuba.sk/zp/portal_zp.pl?podrobnosti=185047
Tags: Tag hinzufügen
Keine Tags, Fügen Sie das erste Tag hinzu!

MARC

LEADER 00000ntm a22000003a 4500
001 stuzp105157
003 SK-STU
005 20250607211219.7
007 ta
008 150427s2015----xo-----f-mn---000-0-slo-d
040 |a STU  |b slo 
041 0 |a slo 
100 1 |a Sarvaj, Martin  |u 051110  |4 aut  |U FAD Fakulta architektúry a dizajnu  |T FAD Ústav architektúry obytných budov  |X 99349  |U A1110  |Y 392  |7 99349 
242 0 1 |a University pastoral center, Bratislava  |y eng 
245 1 0 |a Univerzitné pastoračné centrum, Bratislava 
260 |c 2025 
650 4 |a terrain  |2 eng 
650 4 |a center  |2 eng 
650 4 |a light  |2 eng 
650 4 |a svetlo  |2 slo 
650 4 |a terén  |2 slo 
650 4 |a cetrum  |2 slo 
700 1 |a Závodný, Ľubomír  |u 051110  |k Z1  |4 ths  |U FAD Fakulta architektúry a dizajnu  |T FAD Ústav architektúry obytných budov  |X 45410  |U A1110  |Y 392  |7 45410 
856 4 |u http://is.stuba.sk/zp/portal_zp.pl?podrobnosti=185047